Another self middle-class American women and their friends in the twentieth century /

में बचाया:
ग्रंथसूची विवरण
मुख्य लेखक: Rosenzweig, Linda W.
निगमित लेखक: ebrary, Inc
स्वरूप: इलेक्ट्रोनिक ई-पुस्तक
भाषा:अंग्रेज़ी
प्रकाशित: New York : New York University Press, c1999.
श्रृंखला:History of emotion series ; 6.
विषय:
ऑनलाइन पहुंच:An electronic book accessible through the World Wide Web; click to view
टैग: टैग जोड़ें
कोई टैग नहीं, इस रिकॉर्ड को टैग करने वाले पहले व्यक्ति बनें!

MARC

LEADER 00000nam a22000004a 4500
001 0000067941
005 20171002053338.0
006 m u
007 cr cn|||||||||
008 990304s1999 nyua sb 001 0 eng
010 |z  99006215 
020 |z 0814774865 (cloth : alk. paper) 
035 |a (CaPaEBR)ebr10032495 
035 |a (OCoLC)52714973 
040 |a CaPaEBR  |c CaPaEBR 
050 1 4 |a HQ1206  |b .R655 1999eb 
082 0 4 |a 302.3/4/0820973  |2 21 
100 1 |a Rosenzweig, Linda W. 
245 1 0 |a Another self  |h [electronic resource] :  |b middle-class American women and their friends in the twentieth century /  |c Linda W. Rosenzweig. 
260 |a New York :  |b New York University Press,  |c c1999. 
300 |a xii, 225 p. :  |b ill. 
490 1 |a The history of emotions series ;  |v 6 
504 |a Includes bibliographical references (p. 181-220) and index. 
533 |a Electronic reproduction.  |b Palo Alto, Calif. :  |c ebrary,  |d 2013.  |n Available via World Wide Web.  |n Access may be limited to ebrary affiliated libraries. 
650 0 |a Women  |x Psychology. 
650 0 |a Female friendship  |z United States  |x History. 
650 0 |a Middle class women  |z United States  |x History. 
655 7 |a Electronic books.  |2 local 
710 2 |a ebrary, Inc. 
830 0 |a History of emotion series ;  |v 6. 
856 4 0 |u http://site.ebrary.com/lib/daystar/Doc?id=10032495  |z An electronic book accessible through the World Wide Web; click to view 
908 |a 170314 
942 0 0 |c EB 
999 |c 57099  |d 57099